La recuperación de las Malvinas /

Guardado en:
Autor Principal: Moreno, Juan Carlos.
Formato: Libro
Idioma:Undetermined
Publicado: Buenos Aires : Plus Ultra, 1973.
Materias:
Etiquetas: Agregar Etiqueta
Sin Etiquetas, Sea el primero en etiquetar este registro!
LEADER 01632nam a22001815a 4500
001 CEM.cems019032
008 220308s1973####ag############000#0#und#d
005 20220308172454.0
003 CEMS
245 1 0 |a La recuperación de las Malvinas /  |c Juan Carlos Moreno. 
260 |a Buenos Aires :  |b Plus Ultra,  |c 1973. 
300 |a 313 p. 
505 0 |a Retorno -- Cambios en Puerto Stanley -- Diálogos y visitas -- Convivencia a bordo -- El embajador británico -- Bahía de las Maravillas -- La sepultura de Mateo Brisbane -- Coctel en el "Sulivan House" -- El matrimonio Luxton -- El "Great Britain" -- Precios y salarios -- La religión católica en las islas -- Cultos no católicos -- Cena en el "Upland Goose Hotel" -- Despedida -- Estado actual de la administración -- Turismo -- INdustrias -- Historias del bebé Juan Alejandro -- El matrimonio Reid en Buenos Aires -- Visión general -- El descubrimiento -- La primera ocupación -- El desalojo de Puerto Egmont -- El periódo hispánico -- Los capellanes -- Interregno de 1810 a 1820 -- Los gobernantes argentinos -- El atropello norteamericano -- La usurpación -- Las reclamaciones diplomáticas -- El gaucho Rivero -- Algunos datos elocuentes -- Despertar de conciencia -- Dos episodios insólitos -- El Instituciones de las Islas Malvinas -- La Operación "Cóndor" -- Viajeros argentinos -- Intervención de las Naciones Unidas -- Comienzo de las negociaciones -- Las comunicaciones -- Hechos promisorios 
100 1 |a Moreno, Juan Carlos. 
653 |a Historia 
653 |a Historia Argentina 
653 |a Malvinas 
859 |a CEMS  |b BIB. CEMS - 11 de abril  |h 327.82  |i M815  |p 29193.22  |t Ej. 1